[Event "IECG CP.2000.P.00044"]
[Site "IECG email"]
[Date "2000.10.01"]
[Round "?"]
[White "Brandao, Derek"]
[Black "Wolff, Christoph"]
[Result "0-1"]
[WhiteElo "1100"]
[BlackElo "2110"]
[PlyCount "38"]
[EventDate "2000.10.01"]
[EventType "tourn (corr)"]
[EventRounds "6"]
[EventCountry "GER"]
[SourceTitle "Corr 2008"]
[Source "ChessBase"]
[SourceDate "2008.06.24"]
[SourceVersion "1"]
[SourceVersionDate "2008.06.24"]
[SourceQuality "1"]

1. e4 c5 2. Nc3 Nc6 3. g3 g6 4. Bg2 Bg7 5. d3 d6 6. f4 e6 7. Nf3 Nge7 8. 0-0 0-0 9. Bd2 Rb8 10. Rb1 b5 11. a3 Qd7 12. Re1 a5 13. a4 b4 14. Ne2 f5 15. b3 Ba6 16. c4 bxc3 17. Bxc3 fxe4 18. Bxg7 exf3 19. Bxf8 fxe2 0-1